[Event "DVM U16w 2024"]
[Site "Neumünster GER"]
[Date "2024.12.28"]
[Round "3"]
[White "Rössling, Laura Marie"]
[Black "Mehner, Clara"]
[Result "1/2-1/2"]
[Termination "normal"]
[Board "3.2"]
[WhiteElo "1608"]
[BlackElo "1572"]
[WhiteClock "00:18:58"]
[BlackClock "00:07:26"]
[WhiteTeam "Schachzwerge Magdeburg"]
[BlackTeam "USG Chemnitz"]
[PlyCount "95"]
[WhiteFideId "16289471"]
[BlackFideId "34612165"]
[EventCountry "GER"]
[EventRounds "7"]
[EventType "team-swiss"]
[EventDate "2024.12.26"]

1. e4 {[%clk 01:30:58]} {[%emt 00:00:01]} e6 {[%clk 01:30:52]} {[%emt
00:00:09]} 2. d4 {[%clk 01:31:20]} {[%emt 00:00:07]} d5 {[%clk 01:31:14]}
{[%emt 00:00:08]} 3. exd5 {[%clk 01:31:43]} {[%emt 00:00:07]} exd5 {[%clk
01:31:37]} {[%emt 00:00:07]} 4. Bd3 {[%clk 01:31:55]} {[%emt 00:00:17]} Bd6
{[%clk 01:31:57]} {[%emt 00:00:11]} 5. Nf3 {[%clk 01:31:51]} {[%emt 00:00:34]}
Ne7 {[%clk 01:32:09]} {[%emt 00:00:18]} 6. O-O {[%clk 01:31:49]} {[%emt
00:00:32]} O-O {[%clk 01:32:07]} {[%emt 00:00:32]} 7. Re1 {[%clk 01:24:29]}
{[%emt 00:07:50]} Bg4 {[%clk 01:30:50]} {[%emt 00:01:47]} 8. c3 {[%clk
01:22:35]} {[%emt 00:02:24]} Nd7 {[%clk 01:26:26]} {[%emt 00:04:54]} 9. Bg5
{[%clk 01:08:17]} {[%emt 00:14:47]} f6 {[%clk 01:23:17]} {[%emt 00:03:40]} 10.
Bc1 {[%clk 00:57:44]} {[%emt 00:11:03]} Re8 {[%clk 01:20:20]} {[%emt 00:03:28]}
11. Nbd2 {[%clk 00:49:39]} {[%emt 00:08:28]} c6 {[%clk 01:19:01]} {[%emt
00:01:55]} 12. Qc2 {[%clk 00:48:12]} {[%emt 00:01:58]} Nf8 {[%clk 01:17:35]}
{[%emt 00:01:55]} 13. Nh4 {[%clk 00:37:07]} {[%emt 00:11:34]} Qc7 {[%clk
01:15:10]} {[%emt 00:02:57]} 14. h3 {[%clk 00:32:54]} {[%emt 00:04:42]} Bd7
{[%clk 01:12:27]} {[%emt 00:03:13]} 15. Ndf3 {[%clk 00:28:05]} {[%emt
00:05:19]} Rad8 {[%clk 01:06:52]} {[%emt 00:06:06]} 16. Be3 {[%clk 00:24:16]}
{[%emt 00:04:17]} Qc8 {[%clk 00:59:43]} {[%emt 00:07:40]} 17. Nh2 {[%clk
00:18:48]} {[%emt 00:05:51]} Bb8 {[%clk 00:49:47]} {[%emt 00:10:34]} 18. Qd2
{[%clk 00:16:57]} {[%emt 00:02:20]} Qc7 {[%clk 00:49:20]} {[%emt 00:00:57]} 19.
Nf1 {[%clk 00:15:58]} {[%emt 00:01:29]} Qc8 {[%clk 00:40:30]} {[%emt 00:09:20]}
20. Bf4 {[%clk 00:11:06]} {[%emt 00:05:21]} Bxf4 {[%clk 00:34:52]} {[%emt
00:06:08]} 21. Qxf4 {[%clk 00:11:14]} {[%emt 00:00:23]} Qb8 {[%clk 00:33:45]}
{[%emt 00:01:38]} 22. Qf3 {[%clk 00:09:59]} {[%emt 00:01:44]} Be6 {[%clk
00:16:06]} {[%emt 00:18:09]} 23. Ng3 {[%clk 00:08:41]} {[%emt 00:01:48]} Bf7
{[%clk 00:14:55]} {[%emt 00:01:41]} 24. Nhf5 {[%clk 00:07:01]} {[%emt
00:02:10]} Nxf5 {[%clk 00:14:32]} {[%emt 00:00:52]} 25. Nxf5 {[%clk 00:06:57]}
{[%emt 00:00:35]} Qc7 {[%clk 00:13:11]} {[%emt 00:01:52]} 26. h4 {[%clk
00:04:30]} {[%emt 00:02:56]} Rxe1+ {[%clk 00:11:16]} {[%emt 00:02:25]} 27. Rxe1
{[%clk 00:04:51]} {[%emt 00:00:09]} Re8 {[%clk 00:11:25]} {[%emt 00:00:21]} 28.
Rxe8 {[%clk 00:04:38]} {[%emt 00:00:43]} Bxe8 {[%clk 00:11:54]} {[%emt
00:00:01]} 29. Qe3 {[%clk 00:04:03]} {[%emt 00:01:05]} Bf7 {[%clk 00:09:18]}
{[%emt 00:03:07]} 30. Qe2 {[%clk 00:03:20]} {[%emt 00:01:13]} Qf4 {[%clk
00:08:43]} {[%emt 00:01:04]} 31. g3 {[%clk 00:01:57]} {[%emt 00:01:52]} Qc7
{[%clk 00:06:16]} {[%emt 00:02:58]} 32. Qg4 {[%clk 00:01:33]} {[%emt 00:00:54]}
Be8 {[%clk 00:05:45]} {[%emt 00:01:00]} 33. h5 {[%clk 00:01:23]} {[%emt
00:00:41]} Qd7 {[%clk 00:04:36]} {[%emt 00:01:40]} 34. Qh4 {[%clk 00:01:26]}
{[%emt 00:00:26]} Qd8 {[%clk 00:02:50]} {[%emt 00:02:16]} 35. g4 {[%clk
00:01:03]} {[%emt 00:00:53]} Ne6 {[%clk 00:02:32]} {[%emt 00:00:49]} 36. Qh2
{[%clk 00:01:01]} {[%emt 00:00:29]} Ng5 {[%clk 00:02:45]} {[%emt 00:00:20]} 37.
Qg2 {[%clk 00:00:54]} {[%emt 00:00:36]} Ne6 {[%clk 00:02:40]} {[%emt 00:00:35]}
38. Qf3 {[%clk 00:01:00]} {[%emt 00:00:24]} Ng5 {[%clk 00:02:48]} {[%emt
00:00:22]} 39. Qe3 {[%clk 00:01:17]} {[%emt 00:00:11]} Kf8 {[%clk 00:02:14]}
{[%emt 00:01:06]} 40. f4 {[%clk 00:00:53]} {[%emt 00:00:54]} Nf7 {[%clk
00:02:08]} {[%emt 00:00:36]} 41. Nh4 {[%clk 00:00:37]} {[%emt 00:00:46]} Kg8
{[%clk 00:00:53]} {[%emt 00:01:45]} 42. Nf5 {[%clk 00:30:06]} {[%emt 00:01:01]}
Kf8 {[%clk 00:30:22]} {[%emt 00:01:01]} 43. Qh3 {[%clk 00:28:17]} {[%emt
00:02:16]} Kg8 {[%clk 00:26:16]} {[%emt 00:04:38]} 44. Bc2 {[%clk 00:26:53]}
{[%emt 00:01:54]} Nd6 {[%clk 00:08:03]} {[%emt 00:18:44]} 45. Nxd6 {[%clk
00:21:47]} {[%emt 00:05:36]} Qxd6 {[%clk 00:08:25]} {[%emt 00:00:08]} 46. Qf3
{[%clk 00:21:08]} {[%emt 00:01:07]} Qe6 {[%clk 00:07:36]} {[%emt 00:01:21]} 47.
Kf2 {[%clk 00:20:26]} {[%emt 00:01:12]} Qe7 {[%clk 00:07:26]} {[%emt 00:00:39]}
48. Qd3 {[%clk 00:18:58]} {[%emt 00:01:58]} 1/2-1/2

[Event "DVM U16w 2024"]
[Site "Neumünster GER"]
[Date "2024.12.28"]
[Round "3"]
[White "Mo, Keyou"]
[Black "Hoffmann, Svenja"]
[Result "0-1"]
[Termination "normal"]
[Board "3.3"]
[WhiteElo "1552"]
[BlackElo "1645"]
[WhiteClock "00:17:53"]
[BlackClock "00:18:44"]
[WhiteTeam "USG Chemnitz"]
[BlackTeam "Schachzwerge Magdeburg"]
[PlyCount "62"]
[WhiteFideId "34623582"]
[BlackFideId "16287312"]
[EventCountry "GER"]
[EventRounds "7"]
[EventType "team-swiss"]
[EventDate "2024.12.26"]

1. e4 {[%clk 01:30:58]} e5 {[%clk 01:30:53]} {[%emt 00:00:08]} 2. Nf3 {[%clk
01:31:23]} {[%emt 00:00:04]} Nc6 {[%clk 01:31:11]} {[%emt 00:00:13]} 3. Bc4
{[%clk 01:31:40]} {[%emt 00:00:13]} Bc5 {[%clk 01:31:25]} {[%emt 00:00:16]} 4.
c3 {[%clk 01:32:02]} {[%emt 00:00:07]} Nf6 {[%clk 01:31:34]} {[%emt 00:00:22]}
5. d3 {[%clk 01:32:24]} {[%emt 00:00:06]} d6 {[%clk 01:31:48]} {[%emt
00:00:17]} 6. a4 {[%clk 01:32:42]} {[%emt 00:00:12]} a5 {[%clk 01:30:34]}
{[%emt 00:01:45]} 7. Nbd2 {[%clk 01:32:34]} {[%emt 00:00:37]} h6 {[%clk
01:29:39]} {[%emt 00:01:26]} 8. h3 {[%clk 01:32:27]} {[%emt 00:00:36]} Ba7
{[%clk 01:25:46]} {[%emt 00:04:24]} 9. b4 {[%clk 01:25:51]} {[%emt 00:07:05]}
axb4 {[%clk 01:24:11]} {[%emt 00:02:06]} 10. cxb4 {[%clk 01:26:08]} {[%emt
00:00:13]} Be6 {[%clk 01:22:20]} {[%emt 00:02:21]} 11. Bxe6 {[%clk 01:24:48]}
{[%emt 00:01:50]} fxe6 {[%clk 01:22:38]} {[%emt 00:00:12]} 12. b5 {[%clk
01:24:04]} {[%emt 00:01:14]} Nd4 {[%clk 01:21:10]} {[%emt 00:01:58]} 13. Bb2
{[%clk 01:21:34]} {[%emt 00:02:59]} c5 {[%clk 01:12:11]} {[%emt 00:09:30]} 14.
Bxd4 {[%clk 01:09:31]} {[%emt 00:12:33]} exd4 {[%clk 01:12:19]} {[%emt
00:00:22]} 15. e5 {[%clk 01:08:08]} {[%emt 00:01:53]} Nd5 {[%clk 01:12:33]}
{[%emt 00:00:16]} 16. Nc4 {[%clk 01:04:12]} {[%emt 00:04:24]} Bb8 {[%clk
01:09:55]} {[%emt 00:03:10]} 17. O-O {[%clk 01:00:01]} {[%emt 00:04:40]} Nc3
{[%clk 01:08:15]} {[%emt 00:02:11]} 18. Qb3 {[%clk 00:59:06]} {[%emt 00:01:21]}
d5 {[%clk 01:08:23]} {[%emt 00:00:25]} 19. Ncd2 {[%clk 00:58:21]} {[%emt
00:01:09]} O-O {[%clk 01:08:02]} {[%emt 00:00:58]} 20. Rfe1 {[%clk 00:57:03]}
{[%emt 00:01:46]} Bc7 {[%clk 01:07:15]} {[%emt 00:01:19]} 21. Nb1 {[%clk
00:53:34]} {[%emt 00:03:58]} Ba5 {[%clk 01:07:07]} {[%emt 00:00:39]} 22. Nbd2
{[%clk 00:50:42]} {[%emt 00:03:21]} Rc8 {[%clk 01:05:45]} {[%emt 00:01:53]} 23.
Qb2 {[%clk 00:47:26]} {[%emt 00:03:44]} b6 {[%clk 00:40:02]} {[%emt 00:26:15]}
24. Nb3 {[%clk 00:38:11]} {[%emt 00:09:43]} Bb4 {[%clk 00:40:21]} {[%emt
00:00:12]} 25. Nbxd4 {[%clk 00:36:25]} {[%emt 00:02:15]} Qe8 {[%clk 00:27:21]}
{[%emt 00:13:31]} 26. Nc6 {[%clk 00:33:57]} {[%emt 00:02:55]} Rxc6 {[%clk
00:26:31]} {[%emt 00:01:23]} 27. bxc6 {[%clk 00:34:16]} {[%emt 00:00:10]} Qxc6
{[%clk 00:26:55]} {[%emt 00:00:06]} 28. Rec1 {[%clk 00:32:05]} {[%emt
00:02:40]} d4 {[%clk 00:26:11]} {[%emt 00:01:16]} 29. Kf1 {[%clk 00:28:06]}
{[%emt 00:04:24]} Rxf3 {[%clk 00:18:05]} {[%emt 00:08:41]} 30. gxf3 {[%clk
00:23:16]} {[%emt 00:05:19]} Qxf3 {[%clk 00:18:26]} {[%emt 00:00:09]} 31. Qc2
{[%clk 00:17:53]} {[%emt 00:05:54]} Qh1# {[%clk 00:18:44]} {[%emt 00:00:11]}
0-1

[Event "DVM U16w 2024"]
[Site "Neumünster GER"]
[Date "2024.12.28"]
[Round "3"]
[White "Breja, Eva"]
[Black "Weidner, Marit"]
[Result "0-1"]
[Termination "normal"]
[Board "3.4"]
[WhiteElo "1556"]
[BlackElo "1553"]
[WhiteClock "00:05:19"]
[BlackClock "00:21:46"]
[WhiteTeam "Schachzwerge Magdeburg"]
[BlackTeam "USG Chemnitz"]
[PlyCount "120"]
[WhiteFideId "34639632"]
[BlackFideId "34651853"]
[EventCountry "GER"]
[EventRounds "7"]
[EventType "team-swiss"]
[EventDate "2024.12.26"]

1. e4 {[%clk 01:30:56]} {[%emt 00:00:02]} e5 {[%clk 01:30:54]} {[%emt
00:00:06]} 2. Nf3 {[%clk 01:31:17]} {[%emt 00:00:09]} Nc6 {[%clk 01:31:19]}
{[%emt 00:00:06]} 3. Bc4 {[%clk 01:31:36]} {[%emt 00:00:11]} Bc5 {[%clk
01:31:43]} {[%emt 00:00:06]} 4. c3 {[%clk 01:31:52]} {[%emt 00:00:14]} Nf6
{[%clk 01:32:05]} {[%emt 00:00:08]} 5. d3 {[%clk 01:32:09]} {[%emt 00:00:13]}
h6 {[%clk 01:31:48]} {[%emt 00:00:47]} 6. Nbd2 {[%clk 01:32:12]} {[%emt
00:00:27]} d6 {[%clk 01:31:43]} {[%emt 00:00:35]} 7. Nf1 {[%clk 01:31:40]}
{[%emt 00:01:02]} Bg4 {[%clk 01:31:41]} {[%emt 00:00:31]} 8. Ng3 {[%clk
01:31:37]} {[%emt 00:00:33]} O-O {[%clk 01:30:45]} {[%emt 00:01:26]} 9. O-O
{[%clk 01:31:25]} {[%emt 00:00:42]} Re8 {[%clk 01:29:38]} {[%emt 00:01:37]} 10.
h3 {[%clk 01:29:55]} {[%emt 00:01:59]} Bh5 {[%clk 01:28:51]} {[%emt 00:01:19]}
11. Nxh5 {[%clk 01:18:40]} {[%emt 00:11:45]} Nxh5 {[%clk 01:28:55]} {[%emt
00:00:25]} 12. d4 {[%clk 01:17:44]} {[%emt 00:01:27]} exd4 {[%clk 01:23:00]}
{[%emt 00:06:25]} 13. Nxd4 {[%clk 01:17:56]} {[%emt 00:00:18]} Nf6 {[%clk
01:19:30]} {[%emt 00:03:59]} 14. Nxc6 {[%clk 01:13:32]} {[%emt 00:04:55]} bxc6
{[%clk 01:19:44]} {[%emt 00:00:16]} 15. b4 {[%clk 01:13:51]} {[%emt 00:00:12]}
Bb6 {[%clk 01:19:19]} {[%emt 00:00:53]} 16. a4 {[%clk 01:14:09]} {[%emt
00:00:13]} a5 {[%clk 01:18:14]} {[%emt 00:01:35]} 17. Qf3 {[%clk 01:10:08]}
{[%emt 00:04:28]} axb4 {[%clk 01:13:20]} {[%emt 00:05:26]} 18. cxb4 {[%clk
01:10:30]} {[%emt 00:00:08]} Rxe4 {[%clk 01:13:22]} {[%emt 00:00:29]} 19. Bd3
{[%clk 00:59:38]} {[%emt 00:11:22]} Rxb4 {[%clk 01:10:47]} {[%emt 00:03:05]}
20. Qxc6 {[%clk 00:56:43]} {[%emt 00:03:23]} Nd7 {[%clk 01:07:55]} {[%emt
00:03:23]} 21. Qc2 {[%clk 00:54:16]} {[%emt 00:02:50]} Nc5 {[%clk 01:04:17]}
{[%emt 00:04:16]} 22. Bh7+ {[%clk 00:52:32]} {[%emt 00:02:14]} Kf8 {[%clk
00:58:04]} {[%emt 00:06:43]} 23. Qc3 {[%clk 00:49:44]} {[%emt 00:03:09]} Rbxa4
{[%clk 00:55:23]} {[%emt 00:03:19]} 24. Rxa4 {[%clk 00:49:31]} {[%emt
00:00:44]} Nxa4 {[%clk 00:46:54]} {[%emt 00:08:59]} 25. Qf3 {[%clk 00:46:59]}
{[%emt 00:02:59]} Bd4 {[%clk 00:40:43]} {[%emt 00:06:43]} 26. Re1 {[%clk
00:42:46]} {[%emt 00:04:42]} Nc5 {[%clk 00:38:39]} {[%emt 00:02:35]} 27. Bg6
{[%clk 00:34:46]} {[%emt 00:08:31]} Bf6 {[%emt 00:04:22]} 28. Bh5 {[%clk
00:31:06]} {[%emt 00:00:05]} Ra1 {[%clk 00:32:24]} {[%emt 00:06:57]} 29. Qd5
{[%clk 00:29:02]} {[%emt 00:02:35]} Ne6 {[%clk 00:32:03]} {[%emt 00:00:50]} 30.
f4 {[%clk 00:23:18]} {[%emt 00:06:15]} g6 {[%clk 00:28:55]} {[%emt 00:03:37]}
31. Bxg6 {[%clk 00:14:30]} {[%emt 00:09:18]} fxg6 {[%clk 00:26:23]} {[%emt
00:03:02]} 32. Qxe6 {[%clk 00:14:54]} {[%emt 00:00:07]} Qe7 {[%clk 00:24:57]}
{[%emt 00:01:56]} 33. Qc8+ {[%clk 00:11:44]} {[%emt 00:03:39]} Qd8 {[%clk
00:25:20]} {[%emt 00:00:08]} 34. Qe6 {[%clk 00:11:43]} {[%emt 00:00:32]} Kg7
{[%clk 00:24:38]} {[%emt 00:01:11]} 35. Kf1 {[%clk 00:10:39]} {[%emt 00:01:34]}
Qf8 {[%clk 00:23:54]} {[%emt 00:01:13]} 36. Qd7+ {[%clk 00:09:49]} {[%emt
00:01:21]} Qf7 {[%clk 00:24:03]} {[%emt 00:00:21]} 37. Qg4 {[%clk 00:09:56]}
{[%emt 00:00:22]} Qc4+ {[%clk 00:23:23]} {[%emt 00:01:08]} 38. Kf2 {[%clk
00:05:58]} {[%emt 00:04:31]} Bd4+ {[%clk 00:20:16]} {[%emt 00:03:36]} 39. Be3
{[%clk 00:03:52]} {[%emt 00:02:37]} Rxe1 {[%clk 00:18:33]} {[%emt 00:02:12]}
40. Bxd4+ {[%clk 00:03:23]} {[%emt 00:00:59]} Qxd4+ {[%clk 00:18:15]} {[%emt
00:00:48]} 41. Kxe1 {[%clk 00:03:47]} {[%emt 00:00:05]} Qe4+ {[%clk 00:16:56]}
{[%emt 00:01:50]} 42. Kf2 {[%clk 00:04:02]} {[%emt 00:00:16]} Kf7 {[%clk
00:17:00]} {[%emt 00:00:26]} 43. Qd7+ {[%clk 00:04:14]} {[%emt 00:00:18]} Qe7
{[%clk 00:17:23]} {[%emt 00:00:06]} 44. Qg4 {[%clk 00:03:11]} {[%emt 00:01:33]}
c5 {[%clk 00:17:32]} {[%emt 00:00:22]} 45. f5 {[%clk 00:02:42]} {[%emt
00:00:59]} gxf5 {[%clk 00:17:40]} {[%emt 00:00:22]} 46. Qxf5+ {[%clk 00:02:53]}
{[%emt 00:00:19]} Qf6 {[%clk 00:18:05]} {[%emt 00:00:05]} 47. Qxf6+ {[%clk
00:03:22]} {[%emt 00:00:01]} Kxf6 {[%clk 00:18:28]} {[%emt 00:00:07]} 48. Ke3
{[%clk 00:03:29]} {[%emt 00:00:22]} d5 {[%clk 00:18:40]} {[%emt 00:00:18]} 49.
g4 {[%clk 00:03:54]} {[%emt 00:00:06]} Kg5 {[%clk 00:18:57]} {[%emt 00:00:13]}
50. Kf3 {[%clk 00:04:08]} {[%emt 00:00:15]} Kf6 {[%clk 00:18:11]} {[%emt
00:01:17]} 51. Kf4 {[%clk 00:04:29]} {[%emt 00:00:08]} c4 {[%clk 00:18:35]}
{[%emt 00:00:07]} 52. h4 {[%clk 00:03:57]} {[%emt 00:01:02]} c3 {[%clk
00:18:51]} {[%emt 00:00:14]} 53. Ke3 {[%clk 00:04:23]} {[%emt 00:00:04]} d4+
{[%clk 00:19:15]} {[%emt 00:00:06]} 54. Kd3 {[%clk 00:04:41]} {[%emt 00:00:11]}
Ke5 {[%clk 00:19:28]} {[%emt 00:00:17]} 55. Kc2 {[%clk 00:03:58]} {[%emt
00:01:13]} Kf4 {[%clk 00:19:49]} {[%emt 00:00:09]} 56. g5 {[%clk 00:04:18]}
{[%emt 00:00:10]} hxg5 {[%clk 00:20:13]} {[%emt 00:00:07]} 57. h5 {[%clk
00:04:44]} {[%emt 00:00:04]} Kf5 {[%clk 00:20:35]} {[%emt 00:00:08]} 58. Kd3
{[%clk 00:04:36]} {[%emt 00:00:38]} g4 {[%clk 00:20:59]} {[%emt 00:00:05]} 59.
Kxd4 {[%clk 00:04:54]} {[%emt 00:00:12]} c2 {[%clk 00:21:24]} {[%emt 00:00:05]}
60. h6 {[%clk 00:05:19]} {[%emt 00:00:05]} Kg6 {[%clk 00:21:46]} {[%emt
00:00:08]} 0-1

[Event "DVM U16w 2024"]
[Site "Neumünster GER"]
[Date "2024.12.28"]
[Round "3"]
[White "Stepanjan, Marianne"]
[Black "Neumann, Helena"]
[Result "0-1"]
[Termination "normal"]
[Board "4.1"]
[WhiteElo "1779"]
[BlackElo "2041"]
[WhiteClock "00:03:46"]
[BlackClock "01:08:42"]
[WhiteTeam "TuRa Harksheide 1945 Norderstedt"]
[BlackTeam "SG Porz"]
[PlyCount "62"]
[WhiteFideId "16246110"]
[BlackFideId "16275365"]
[EventCountry "GER"]
[EventRounds "7"]
[EventType "team-swiss"]
[EventDate "2024.12.26"]

1. e4 {[%clk 01:30:59]} c6 {[%clk 01:30:57]} {[%emt 00:00:04]} 2. d4 {[%clk
01:31:26]} {[%emt 00:00:03]} d5 {[%clk 01:31:22]} {[%emt 00:00:04]} 3. exd5
{[%clk 01:31:53]} {[%emt 00:00:03]} cxd5 {[%clk 01:31:48]} {[%emt 00:00:05]} 4.
Bd3 {[%clk 01:32:20]} {[%emt 00:00:03]} Nc6 {[%clk 01:32:13]} {[%emt 00:00:05]}
5. c3 {[%clk 01:32:46]} {[%emt 00:00:03]} Qc7 {[%clk 01:32:41]} {[%emt
00:00:02]} 6. Nf3 {[%clk 01:33:02]} {[%emt 00:00:14]} Bg4 {[%clk 01:33:03]}
{[%emt 00:00:08]} 7. O-O {[%clk 01:33:07]} {[%emt 00:00:25]} e6 {[%clk
01:33:29]} {[%emt 00:00:04]} 8. Bg5 {[%clk 01:30:24]} {[%emt 00:03:13]} Bd6
{[%clk 01:33:23]} {[%emt 00:00:36]} 9. h3 {[%clk 01:30:20]} {[%emt 00:00:34]}
Bh5 {[%clk 01:33:47]} {[%emt 00:00:06]} 10. Nbd2 {[%clk 01:29:00]} {[%emt
00:01:49]} h6 {[%clk 01:34:09]} {[%emt 00:00:09]} 11. Be3 {[%clk 01:28:27]}
{[%emt 00:01:03]} Nge7 {[%clk 01:34:34]} {[%emt 00:00:05]} 12. Be2 {[%clk
01:04:29]} {[%emt 00:24:28]} g5 {[%clk 01:26:37]} {[%emt 00:08:27]} 13. Bxg5
{[%clk 00:40:02]} {[%emt 00:24:57]} hxg5 {[%clk 01:23:18]} {[%emt 00:03:48]}
14. Nxg5 {[%clk 00:40:08]} {[%emt 00:00:25]} Bxe2 {[%clk 01:22:51]} {[%emt
00:00:58]} 15. Qxe2 {[%clk 00:39:51]} {[%emt 00:00:47]} Bf4 {[%clk 01:21:22]}
{[%emt 00:01:58]} 16. Ndf3 {[%clk 00:37:35]} {[%emt 00:02:45]} Bxg5 {[%clk
01:21:27]} {[%emt 00:00:26]} 17. Nxg5 {[%clk 00:38:00]} {[%emt 00:00:05]} Qf4
{[%clk 01:21:47]} {[%emt 00:00:10]} 18. Qe3 {[%clk 00:33:46]} {[%emt 00:04:44]}
Ng6 {[%clk 01:17:20]} {[%emt 00:04:57]} 19. Rae1 {[%clk 00:26:42]} {[%emt
00:07:34]} Nce7 {[%clk 01:15:36]} {[%emt 00:02:13]} 20. Qxf4 {[%clk 00:19:00]}
{[%emt 00:08:13]} Nxf4 {[%clk 01:15:25]} {[%emt 00:00:40]} 21. Kh2 {[%clk
00:15:37]} {[%emt 00:03:54]} Rh5 {[%clk 01:11:21]} {[%emt 00:04:34]} 22. Nf3
{[%clk 00:14:00]} {[%emt 00:02:07]} Nf5 {[%clk 01:11:24]} {[%emt 00:00:27]} 23.
Ng1 {[%clk 00:12:11]} {[%emt 00:02:19]} Nd6 {[%clk 01:11:20]} {[%emt 00:00:34]}
24. g3 {[%clk 00:11:28]} {[%emt 00:01:14]} Ng6 {[%clk 01:11:31]} {[%emt
00:00:17]} 25. f3 {[%clk 00:10:01]} {[%emt 00:01:58]} Kd7 {[%clk 01:10:39]}
{[%emt 00:01:22]} 26. Re3 {[%clk 00:07:34]} {[%emt 00:02:57]} Rg8 {[%clk
01:09:40]} {[%emt 00:01:29]} 27. g4 {[%clk 00:05:39]} {[%emt 00:02:25]} Rh7
{[%clk 01:09:46]} {[%emt 00:00:23]} 28. f4 {[%clk 00:05:44]} {[%emt 00:00:26]}
Ne7 {[%clk 01:08:48]} {[%emt 00:01:28]} 29. Rfe1 {[%clk 00:05:05]} {[%emt
00:01:09]} Rxg4 {[%clk 01:08:54]} {[%emt 00:00:24]} 30. Rf1 {[%clk 00:03:43]}
{[%emt 00:01:52]} Nef5 {[%clk 01:09:08]} {[%emt 00:00:15]} 31. Re2 {[%clk
00:03:46]} {[%emt 00:00:27]} Ng3 {[%clk 01:08:42]} {[%emt 00:00:57]} 0-1